The hidden hand, or, Capitola the Madcap /

Bibliographic Details
Main Author: Southworth, Emma Dorothy Eliza Nevitte, 1819-1899
Other Authors: Dobson, Joanne, 1942-
Format: Book
Language:English
Published: New Brunswick, N.J. : Rutgers University Press, [1988]
Series:American women writers series.

MARC

Tag First Indicator Second Indicator Subfields
LEADER 00000cam a2200000 a 4500
001 in00000029204
005 20151007060129.0
008 870824s1988 nju b s00011 eng
010 |a  87022932  
020 |a 0813512956 :  |c $30.00 
020 |a 0813512964 (pbk.) :  |c $9.95 
035 |a (OCoLC)16754067 
035 |9 AAC0125AM 
040 |a DLC  |c DLC  |d TXA  |d UtOrBLW 
049 |a TXAM 
050 0 0 |a PS2892  |b .H5 1988 
082 0 |a 813/.4  |2 19 
100 1 |a Southworth, Emma Dorothy Eliza Nevitte,  |d 1819-1899. 
245 1 4 |a The hidden hand, or, Capitola the Madcap /  |c by E.D.E.N. Southworth ; edited and with an introduction by Joanne Dobson. 
264 1 |a New Brunswick, N.J. :  |b Rutgers University Press,  |c [1988] 
264 4 |c ©1988 
300 |a xlvi, 498 pages ;  |c 22 cm. 
336 |a text  |b txt  |2 rdacontent 
337 |a unmediated  |b n  |2 rdamedia 
338 |a volume  |b nc  |2 rdacarrier 
490 1 |a The American women writers series 
504 |a Includes bibliographical references (pages xliii-xlv). 
700 1 |a Dobson, Joanne,  |d 1942- 
740 0 |a Capitola the madcap. 
830 0 |a American women writers series. 
944 |a stk  |h REPL<26200>REP-LATEST<>REF<cbenefie>  |m Replacement on order 
999 |a MARS 
999 f f |s 6d7d4148-9283-3054-b2d2-665f1c111c88  |i 284af63a-5551-34a4-81af-731ceef2ad81  |t 0 
952 f f |p ric  |a Texas A&M University  |b Rellis Campus  |c Joint Library Facility  |s JLF  |d Remote Storage  |t 0  |e PS2892 .H5 1988  |h Library of Congress classification  |i unmediated -- volume  |m A14834054680 
998 f f |a PS2892 .H5 1988  |t 0  |l Remote Storage